000 00315cam a2200109 4500
008 020301n2001 000 0 eng u
035 _a(Sirsi) u116930
110 _aFire Protection Association
_9231
245 3 _aAn introduction to the Fire Precautions (Workplace) Regulations
260 _bFPA
_c2001
942 _n0
999 _c101922
_d101922